Riconosci le Bandiere sbagliate - Asia - Quiz n°2 - Statistics

Statistiche generali
  • Questo quiz è stato fatto 28 volte
  • Il punteggio medio è 19 su 30
Statistiche sulle risposte
Domanda Casella Select % Corretto
tutte le bandiere sbagliate No
93%
tutte le bandiere sbagliate No
93%
tutte le bandiere sbagliate No
89%
tutte le bandiere sbagliate No
85%
tutte le bandiere sbagliate
85%
tutte le bandiere sbagliate No
85%
tutte le bandiere sbagliate No
81%
tutte le bandiere sbagliate No
81%
tutte le bandiere sbagliate No
81%
tutte le bandiere sbagliate No
81%
tutte le bandiere sbagliate No
81%
tutte le bandiere sbagliate No
81%
tutte le bandiere sbagliate No
78%
tutte le bandiere sbagliate No
78%
tutte le bandiere sbagliate No
78%
tutte le bandiere sbagliate No
78%
tutte le bandiere sbagliate No
78%
tutte le bandiere sbagliate No
74%
tutte le bandiere sbagliate
63%
tutte le bandiere sbagliate No
59%
tutte le bandiere sbagliate
56%
tutte le bandiere sbagliate
52%
tutte le bandiere sbagliate
48%
tutte le bandiere sbagliate
41%
tutte le bandiere sbagliate
26%
tutte le bandiere sbagliate
22%
tutte le bandiere sbagliate
22%
tutte le bandiere sbagliate
22%
tutte le bandiere sbagliate
22%
tutte le bandiere sbagliate
19%
Nessun quiz corrispondente trovato
Distribuzione punteggi
Percentuale di utenti per punteggio
Percentile per numero di risposta
I tuoi punteggi nel tempo
Non hai fatto questo quiz